000 00810nam a2200253 i 4500
001 000029399
003 DO-SdBNP
005 20250610154447.0
007 ta
008 110415s2007 dr af 000 0 spa d
020 _a9789945859638
040 _aDO-SdBNP
_bspa
_cBNPHU
_erda
041 _aspa
049 _aBNPD
082 4 _axxx
_bR426g
_222
110 1 _aRepública Dominicana.
_bCentro Cultural Eduardo León Jimenes
_956273
245 1 0 _aGuía didáctica para docentes :
_bpreparación de visitas escolares al Centro León.
264 1 _aSantiago de los Caballeros :
_bCentro León,
_c2007.
300 _a100 páginas :
_bilustracioones ;
_c28 cm.
_e+ láminas
336 _atexto
_btxt
_2rdacontent
337 _asin mediación
_bn
_2rdamedia
338 _avolumen
_bnc
_2rdacarrier
942 _2ddc
_cLBS1
999 _c28891
_d28891